[Event "Foros Aerosvit 3rd"]
[Site "Foros"]
[Date "2008.06.12"]
[Round "5"]
[White "Carlsen, Magnus"]
[Black "Shirov, Alexei"]
[Result "1-0"]
[WhiteElo "2765"]
[BlackElo "2740"]
[Annotator "Krasenkow,Michal"]
[PlyCount "126"]
[EventDate "2008.06.08"]
[EventType "tourn"]
[EventRounds "11"]
[EventCountry "UKR"]
[EventCategory "19"]
[SourceTitle "CBM 125"]
[Source "ChessBase"]
[SourceDate "2008.07.30"]
[SourceVersion "1"]
[SourceVersionDate "2008.07.30"]
[SourceQuality "1"]

1. d4 d5 2. c4 c6 3. Nf3 Nf6 4. Nc3 e6 5. Bg5 h6 6. Bxf6 Qxf6 7. e3 Nd7 8. Rc1 Bd6 9. Bd3 dxc4 10. Bxc4 Qe7 11. O-O O-O 12. Ne4 Bc7 13. Bb3 {A quiet prophylactical move leading to a slight plus for White, due to his space advantage.} Rd8 (13... e5 14. d5 cxd5 15. Qxd5 Bb8 (15... Nb6 $2 16. Qc5 $1) 16. Rfd1 Nf6 17. Nxf6+ Qxf6 18. Nd2 a5 19. Ne4 Qg6 20. Nc5 Ra7 21. Nd7 Bxd7 22. Qxd7 b6 23. Qb5 $16 {1-0 Cebalo,M-Mazuran,M/Pula 1993/EXT 1999 (35)}) 14. Qc2 (14. Qe2 $5 Rb8 (14... Nf8 15. Ne5 Rb8 (15... Bd7 16. f4 Be8 17. Nc5 $14) 16. f4 f6 17. Nd3 Kh8 18. Ndc5 a5 19. a3 Ra8 20. Qc2 b6 21. Nd3 Bd7 22. Qc4 (22. Ba4 $1 $14) 22... Rac8 23. Ba2 Be8 24. b4 Bg6 25. Nef2 Bd6 26. Rfd1 axb4 27. axb4 Ra8 $132 {1-0 Cebalo,M-Kuczynski,R/Polanica Zdroj 1992/CBM 031 (50)}) (14... a5 15. a3 Nf6 16. Nxf6+ Qxf6 17. Rfd1 Bd7 18. Rc5 Be8 19. Qc2 $1 Qe7 20. Ba2 Bd6 21. Rc3 Rac8 22. h4 g6 23. e4 $14 {½-½ Bareev,E-Anand,V/Linares 1992/CBM 028/[Dautov] (46)}) 15. h3 Kh8 16. Rfd1 Nf8 17. Ne5 Bd7 18. f4 Be8 19. a3 a5 20. Qc4 f6 21. Nd3 Bf7 22. Nec5 Kg8 23. Rf1 Bd6 24. Qc3 Ra8 25. Rce1 Kh8 26. Rf3 Bg6 27. Rg3 $14 {0-1 Ribli,Z-Kuczynski,R/Tilburg 1992/CBM 032 (29)}) 14... a5 $146 {Other moves seen in practice:} (14... Nf8 15. Rfd1 (15. Ne5 f6 16. Nf3 Bd7 17. Nc5 Bc8 {½-½ Sandstrom,L-Beikert,G/Baden-Baden 1993/TD (17)}) 15... Rb8 16. a3 (16. Ne5 Bd7 17. a3 Be8 18. Ba2 f6 19. Nd3 Bg6 20. Nec5 Kh8 21. Qc4 Bh7 22. b4 Rd5 23. g3 Qf7 24. Qc2 Rh5 25. Qe2 $14 {1-0 Kumaran,D-Berezin,O/Halle 1995/CBM 048 ext (35)}) 16... Bd7 17. Nc5 Be8 18. Qe4 (18. Ba2 Kh8 19. Nd3 b6 20. b4 Rdc8 21. Rd2 Ra8 22. Qb2 a5 23. Rdc2 axb4 24. axb4 f6 25. Rc3 Ra7 26. Ra3 Rxa3 27. Qxa3 Bg6 28. Nfe1 Bd6 $132 {½-½ Cramling,P-Galliamova,A/Groningen 1997/CBM 062 ext (41)}) 18... Nh7 (18... Bd6 19. Ne5 Kh8 20. Ned3 $14 {½-½ Schmidt,W-Kuczynski,R/Cetniewo 1991/CBM 022 ext}) 19. Nd3 (19. Ne5 $5) 19... Ng5 20. Nxg5 Qxg5 21. f4 Qf6 22. Qf3 Kh8 23. Rc3 Rbc8 24. Ba2 Qe7 25. Bb3 Ba5 26. Rc2 Bc7 27. Qe4 Qf6 28. Ne5 Qe7 29. Nd3 Qf6 30. Ba4 (30. Nc5 $142 $14) 30... Qf5 31. Qxf5 (31. Qf3 Qd5) 31... exf5 32. Nc5 Rb8 33. Kf2 Bd6 34. Rdc1 g6 35. b4 Rdc8 36. Bb3 Rc7 37. Bc4 Re7 38. a4 Kg8 {½-½ Petrosian,T-Dorfman,J/Moscow 1976/URS-ch (44)}) (14... Rb8 15. a3 Nf8 16. Ne5 Bd7 17. Nc5 Be8 18. Ba2 (18. f4 $5) (18. Qe4 $5) 18... b6 (18... Kh8 19. Qe4 f6 20. Qh4 Bd6 21. Nf3 b6 22. Ne4 c5 23. Nxd6 Qxd6 24. Rfd1 Rbc8 25. Bb3 cxd4 26. Rxc8 Rxc8 27. Nxd4 $14 {1-0 Zarubin,O-Filipenko,A/Severodonetsk 1982/EXT 1999 (48)}) 19. Ncd3 c5 $1 20. dxc5 Bxe5 21. Nxe5 Qxc5 22. Qxc5 bxc5 23. Nc4 {½-½ Bareev,E-Dreev,A/Elista 1998/CBM 065}) (14... Nf6 15. Rfd1 (15. Nc5 b6 16. Nd3 Bb7 17. Rfd1 Rac8 18. Qe2 Bb8 19. Rc2 Ne4 20. Rdc1 Bd6 21. a3 c5 22. dxc5 Nxc5 23. Nxc5 Bxc5 24. Bc4 {½-½ Haap,J-Remmler,H/Schwaebisch Gmuend 2001/CBM 080 ext}) (15. Nxf6+ $5 Qxf6 16. Rfd1 Bd7 17. Qe4 Re8 18. Ne5 Rad8 19. f4 Bd6 20. Rd2 Bc8 21. g4 g6 22. Rf1 Re7 23. h4 Qg7 24. h5 $36 {1-0 Van Seben,E-Budra,Z/IECG 2001/R1-2001-0-00006 (39)}) 15... Bd7 16. Nc5 Rab8 17. a3 Be8 18. Ba2 e5 19. Bb1 exd4 20. exd4 g6 21. Re1 Qf8 22. Ba2 Kh7 23. Qd2 Bd6 24. Nd3 Rbc8 25. Nfe5 Bb8 26. Qf4 Qg7 27. Qe3 Nd5 28. Qh3 Rc7 29. Nc5 Re7 30. Qh4 $36 {1-0 Alekseev,E-Burmakin,V/Sochi 2005/CBM 107 (44)}) 15. a3 Rb8 {This move (you have already seen it in some games above) is also prophylactical. The idea is that after ...d7-f8(f6) and ...c8-d7 e4-c5 doesn't attack the b7 pawn. The drawback is that after the insertion of ...a7-a5 a2-a3 the a5 pawn can be hanging at some point.} 16. Rfd1 Nf8 17. Ne5 $146 ({RR} 17. Nc5 Bd7 18. Nxd7 Rxd7 19. Qe4 Nh7 20. Bc2 Nf6 21. Qh4 Rbd8 22. Nd2 e5 23. Nb3 Rd5 24. dxe5 Bxe5 25. Rxd5 Rxd5 26. Rb1 Qd8 27. g3 b5 28. a4 Qb6 29. Bd1 c5 30. Bf3 Rd8 31. Nc1 Rd2 {Salomon,J (2340)-Roiz,M (2591) Yerevan 2014 0-1 (33)}) 17... Bd7 18. Nxd7 $6 {A paradoxical decision, which no-one but Magnus can explain. White exchanges his powerful knight for Black's passive bishop. He takes into account that the bishop can be activated by means of ...d7-e8, ...f7-f6 and ...e8-g6; however, that would weaken Black's pawn structure.} Nxd7 19. g3 Nf6 20. Qc5 Qxc5 21. Nxf6+ gxf6 22. Rxc5 {[%mdl 4096] Equal pawns, opposite-coloured bishops... and now Magnus Carlsen outplays an outstanding endgame specialist!} Ra8 23. Kg2 Bd6 24. Rc2 f5 25. Bc4 a4 $6 {A tentative but in my opinion - a wrong move! This pawn will be weak on a light square and need major pieces to defend it!} 26. Be2 Be7 27. Bf3 Ra5 28. Rc4 Bf6 29. Rdc1 {[%cal Yf3d1] White's plan is to put his bishop to d1 or c2 (forcing ...d8-a8) and then, according to the principle of two weaknesses, after necessary preparation, open a second front on the kingside (g3-g4). To prevent such course of events, Black opens up the centre. That creates the second weakness at once (the f5 pawn) but Black obtains some counterplay against the white b2 pawn.} e5 30. dxe5 Bxe5 31. Rb4 Rd7 32. Rc2 Kg7 33. Kf1 Bf6 34. Rcc4 Ra8 35. Rf4 Ra5 36. Ke2 $6 (36. Rxa4 Rxa4 37. Rxa4 Bxb2 38. Ra7 c5 39. Be2 $14 {[%cal Ye2c4] was probably more appropriate.}) 36... Rc5 $1 37. Rfc4 Rxc4 38. Rxc4 Bxb2 39. Rxa4 c5 (39... Bc3 $142 $1 40. Ra7 $140 Rd2+ 41. Kf1 Rb2 {activating the rook and Black is probably out of danger,}) 40. Kf1 b6 41. Be2 {Correcting the inaccuracy on the 36th move but now the white rook is far less active.} Bc3 42. Bb5 Rd1+ 43. Kg2 Ba5 44. Rf4 Kg6 45. a4 (45. Bc4 $142 $1 {[%cal Yg3g4]} Rd7 46. Ba2 $1 $36 {[%cal Ra2b1]}) 45... Bc3 {[%cal Rc3e5]} 46. g4 {what else?} fxg4 47. Be8 Be5 (47... h5 48. Bxf7+ Kg5 49. h3 $1) 48. Bxf7+ Kg5 49. Re4 Kf5 50. Rc4 Rd7 51. Bh5 Rg7 52. a5 (52. h3 $5 gxh3+ 53. Kxh3 {creating connected passed pawns}) 52... bxa5 53. Rxc5 Ra7 54. Rc4 Rg7 55. Rc5 Ra7 56. Rc4 Rg7 57. Rc6 Ra7 58. Bg6+ Kg5 59. Bc2 a4 {[%csl Ga4]} ({Black is out of danger after} 59... h5 {, too}) 60. Rg6+ Kh5 $2 (60... Kh4 $1 61. Rxh6+ Kg5 62. Re6 Bb8 {and White can't make exploit the dangerous position of the black king.}) 61. Re6 $2 (61. h3 $1 a3 (61... gxh3+ 62. Kxh3 a3 63. Rg2 $18 {- the h6 pawn harms Black!}) 62. hxg4+ (62. Rxg4 Rg7 63. Rxg7 Bxg7 64. Bb3 {is hardly winning}) 62... Kh4 63. Bf5 Bg7 (63... a2 64. Rxh6+ Kg5 65. Rg6+ Kh4 66. f4 Rh7 $8 67. Ra6 a1=Q 68. Rxa1 Bxa1 69. Bxh7 Kxg4 {is a tablebase win for White - Black can't reach a drawish setup f6, d6}) 64. Be6 {and White keeps good winning chances}) 61... Bg7 $4 {[%mdl 8192] A terrible mistake - nothing unusual after a long defence. Black overlooks a mating idea.} ({After} 61... Bb8 {White can't win}) 62. Kg3 Ra5 63. Bg6+ Kg5 (63... Kg5 {and Black resigned, noticing} 64. h4+ (64. f4+ gxf3 65. h4#) 64... gxh3 65. f4#) 1-0

[Event "Foros Aerosvit 3rd"]
[Site "Foros"]
[Date "2008.06.13"]
[Round "6"]
[White "Carlsen, Magnus"]
[Black "Alekseev, Evgeny V"]
[Result "1/2-1/2"]
[WhiteElo "2765"]
[BlackElo "2711"]
[PlyCount "36"]
[EventDate "2008.06.08"]
[EventType "tourn"]
[EventRounds "11"]
[EventCountry "UKR"]
[EventCategory "19"]
[SourceTitle "CBM 125"]
[Source "ChessBase"]
[SourceDate "2008.07.30"]
[SourceVersion "1"]
[SourceVersionDate "2008.07.30"]
[SourceQuality "1"]

1. d4 Nf6 2. c4 e6 3. Nf3 b6 4. g3 Bb7 5. Bg2 Be7 6. Nc3 Ne4 7. Bd2 d5 8. cxd5 exd5 9. O-O O-O 10. Rc1 Nd7 11. Bf4 Nxc3 ({RR} 11... Rc8 12. Nb5 a6 13. Bxc7 Qe8 14. Na3 Bxa3 15. bxa3 Qe6 16. Qb3 g5 17. g4 Qxg4 18. Bg3 h5 19. Qe3 h4 20. h3 Qf5 21. Bh2 Rfe8 22. Rxc8 Rxc8 23. Rc1 Re8 24. Rc7 Ba8 25. Qd3 Ndf6 26. e3 {Caruana,F (2803)-Miszler,L (2264) chess.com INT 2025 1-0 (38)}) 12. Rxc3 c5 13. dxc5 ({RR} 13. Qa4 Re8 14. Rd1 Bf6 15. Re3 a6 16. dxc5 Nxc5 17. Rxe8+ Qxe8 18. Qc2 Qe4 19. Qd2 Re8 20. Be3 Qa4 21. b3 Qa3 22. Qc2 Rc8 23. Bh3 Ne6 24. Qb1 b5 25. Nd4 Qe7 26. Nf5 Qd7 27. Bg2 g6 {Grischuk,A (2728)-Alekseev,E (2708) Moscow 2008 1-0 (53)}) 13... bxc5 14. b4 $146 ({RR} 14. Rc1 Qb6 15. Qa4 Nf6 16. Rfd1 Rfd8 17. Qc2 h6 18. Ne5 Qe6 19. Nd3 c4 20. Ne1 Bc5 21. Nf3 Ng4 22. e3 g5 23. Bc7 Bxe3 24. Nd4 Bxd4 25. Rxd4 Re8 26. Ba5 Nf6 27. h4 Ne4 28. hxg5 hxg5 {Stachowiak,K (2470)-Klekowski,M (2510) Bydgoszcz 2021 0-1 (37)}) ({RR} 14. Rc1 Nf6 15. Bg5 Qb6 16. Qc2 Rfe8 17. Nd2 h6 18. Bxf6 Bxf6 19. e4 dxe4 20. Bxe4 Rad8 21. Bxb7 Qxb7 22. Nb3 Bd4 23. Nxc5 Bxc5 24. Qxc5 Qxb2 25. Qxa7 {½-½ (25) Aronian,L (2805)-Korobov,A (2652) Riadh 2017}) ({RR} 14. Ne5 Nxe5 15. Bxe5 Qd7 16. Rc2 d4 17. Bxb7 Qxb7 18. Bf4 Qd5 19. b3 {½-½ (19) Magalashvili,D (2500)-Simantsev,M (2371) Ankara 2019}) 14... cxb4 15. Rc7 Nc5 16. Nd4 Rc8 17. Rxc8 Qxc8 18. Qb1 a5 1/2-1/2

[Event "Foros Aerosvit 3rd"]
[Site "Foros"]
[Date "2008.06.18"]
[Round "10"]
[White "Carlsen, Magnus"]
[Black "Volokitin, Andrei"]
[Result "1/2-1/2"]
[WhiteElo "2765"]
[BlackElo "2684"]
[PlyCount "158"]
[EventDate "2008.06.08"]
[EventType "tourn"]
[EventRounds "11"]
[EventCountry "UKR"]
[EventCategory "19"]
[SourceTitle "CBM 125"]
[Source "ChessBase"]
[SourceDate "2008.07.30"]
[SourceVersion "1"]
[SourceVersionDate "2008.07.30"]
[SourceQuality "1"]

1. d4 Nf6 2. c4 e6 3. Nf3 d5 4. Nc3 Be7 5. Bg5 h6 6. Bh4 O-O 7. e3 Ne4 8. Bxe7 Qxe7 9. Rc1 c6 10. Bd3 Nxc3 11. Rxc3 Nd7 12. Qc2 dxc4 ({RR} 12... Qd6 13. O-O dxc4 14. Bxc4 e5 15. Rd1 exd4 16. Rxd4 Qc7 17. Qe4 c5 18. Rd1 Nf6 19. Qe5 Qb6 20. Bb3 Qa6 21. Rd6 b6 22. Rxc5 Nd7 23. Qc3 Nxc5 24. Rg6 {1-0 (24) Ivanisevic,I (2536)-Muratovic,A (2513) Senta SRB 2024}) 13. Bxc4 e5 ({RR} 13... b6 14. Bd3 c5 15. Bh7+ Kh8 16. Be4 Rb8 17. O-O a5 18. Rd1 Bb7 19. Bxb7 Rxb7 20. a3 Rc8 21. b4 axb4 22. axb4 Rbc7 23. Rc1 c4 24. Qa4 Nf6 25. Ne5 Ra7 26. Qb5 Qe8 27. Qxb6 Qa4 28. Rxc4 {Van Wely,L (2677)-Volokitin,A (2684) Foros 2008 1-0 (41)}) 14. Qe4 $146 ({RR} 14. dxe5 Nxe5 15. Nxe5 Qxe5 16. f4 Qe7 17. O-O Be6 18. Qe4 Rfe8 19. Bxe6 Qxe6 20. Qxe6 Rxe6 21. Rd1 Kf8 22. Kf2 Rc8 23. Rd7 Re7 24. Rcd3 Ke8 25. R7d6 c5 26. b3 Rec7 27. Kf3 c4 28. Rc3 Ke7 {Van Wely,L (2681)-Azmaiparashvili,Z (2672) chessassistantclub.com INT 2004 0-1 (78)}) ({RR} 14. O-O exd4 15. exd4 Qd6 16. Re1 Nb6 17. Bb3 Nd5 18. Ne5 Be6 19. Rg3 Nc7 20. Re4 Rad8 21. h3 Bxb3 22. Qxb3 Ne6 23. Qxb7 Nxd4 24. Rd3 c5 25. b4 Qb6 26. Qxb6 axb6 27. bxc5 bxc5 28. Kf1 Rfe8 {Grischuk,A (2736)-Jakovenko,D (2736) Khanty-Mansiysk 2009 ½-½}) ({RR} 14. O-O exd4 15. exd4 Qd6 16. Qe4 Nf6 17. Qh4 Be6 18. Bxe6 Qxe6 19. Ne5 Rfd8 20. Re1 Nd7 21. Nf3 Qf6 22. Qg4 Nf8 23. h4 Ne6 24. Re4 Rd5 25. Ne5 Nxd4 26. Rce3 Nf5 27. Re1 Rad8 28. Qf4 Rd1 {Dumitrache,D (2454)-Berry,N (2327) Rogaska Slatina 2011 1-0 (59)}) 14... Re8 15. O-O exd4 16. Qxe7 Rxe7 17. Nxd4 g6 18. Rd1 a6 19. f3 c5 20. Ne2 b5 21. Bd5 Ra7 22. Nf4 Kg7 23. b3 b4 24. Rcd3 a5 25. e4 a4 26. R3d2 axb3 27. Bxb3 Nb6 28. Rc1 Rec7 29. Rdc2 g5 30. Nd5 Nxd5 31. exd5 Ra5 32. Rc4 Ba6 33. d6 Rd7 34. Rxc5 Rxc5 35. Rxc5 Rxd6 36. Rc7 Rf6 37. Kf2 g4 38. Ke3 Bf1 39. Rc2 gxf3 40. gxf3 Bh3 41. Rc7 Bg2 42. f4 Rf5 43. Rd7 Bc6 44. Rd6 Bh1 45. Rd4 Rh5 46. Rd2 Rh3+ 47. Kd4 Rf3 48. Rd1 Bg2 49. Ke5 Re3+ 50. Kd6 Bh3 51. Kc5 Re2 52. Kxb4 Rxh2 53. a4 Rf2 54. Rd4 h5 55. a5 Bf1 56. Bc4 h4 57. Bxf1 Rxf1 58. f5 h3 59. Rh4 Rh1 60. a6 h2 61. a7 Ra1 62. Rxh2 Rxa7 63. Kc5 Rd7 64. Kc6 Rd3 65. Ra2 Kf6 66. Ra7 Rd8 67. Kc5 Rd1 68. Kc4 Rd2 69. Kc5 Rf2 70. Kd4 Rxf5 71. Ke3 Rf1 72. Ra5 Kg6 73. Ra8 Kf5 74. Ke2 Rf4 75. Ke3 f6 76. Rb8 Ra4 77. Kf3 Ra3+ 78. Kf2 Kg5 79. Rb4 f5 1/2-1/2

[Event "Foros Aerosvit 3rd"]
[Site "Foros"]
[Date "2008.06.19"]
[Round "11"]
[White "Karjakin, Sergey"]
[Black "Carlsen, Magnus"]
[Result "1/2-1/2"]
[WhiteElo "2732"]
[BlackElo "2765"]
[PlyCount "59"]
[EventDate "2008.06.08"]
[EventType "tourn"]
[EventRounds "11"]
[EventCountry "UKR"]
[EventCategory "19"]
[SourceTitle "CBM 125"]
[Source "ChessBase"]
[SourceDate "2008.07.30"]
[SourceVersion "1"]
[SourceVersionDate "2008.07.30"]
[SourceQuality "1"]

1. d4 {L'Ami,Erwin} Nf6 2. c4 g6 3. Nc3 d5 4. cxd5 Nxd5 5. e4 Nxc3 6. bxc3 Bg7 7. Bc4 c5 8. Ne2 Nc6 9. Be3 O-O 10. O-O Na5 ({RR} 10... b6 11. dxc5 Qc7) 11. Bd3 b6 12. Qd2 e5 13. Bh6 exd4 14. Bxg7 Kxg7 15. cxd4 cxd4 16. Rac1 ({RR} 16. f4 f6 17. e5 Bd7 18. Nxd4 Nc6) ({RR} 16. f4 f6 17. f5 Nc6 18. Bc4 gxf5 19. Bd5 Bd7 20. Nxd4 Nxd4 21. Bxa8 Bb5 22. Bd5 Bxf1 23. Rxf1 Ne6 24. Rxf5 Nc7 25. Rh5 Qe7 26. Rh3 Kh8 27. Rd3 Rd8 28. h3 f5 29. Qc3+ Qg7 30. Qc6 Qa1+ {Kim,S (2295)-Mamedyarov,S (2733) chess.com INT 2024 0-1 (39)}) 16... Bb7 ({RR} 16... Qd6 17. f4 f6 18. f5 Qe5 19. Nf4 g5 20. Nh5+ Kg8 ({RR} 20... Kh8 21. h4 Rg8 22. Nxf6 ({RR} 22. Qe1) 22... Qxf6 23. e5 Qxe5 24. f6 Be6 ({RR} 24... Qe3+ 25. Qxe3 dxe3 26. Rc7) 25. f7 Rgf8 26. Rce1 Qd5 ({RR} 26... Qd6 27. Rf6) 27. Be4 Nc4 28. Qf2 Rxf7 ({RR} 28... Qd8 29. Bd5) 29. Bxd5 Rxf2 30. Bxa8 Rxf1+ 31. Rxf1 ({RR} 31. Kxf1 Ne3+ 32. Kf2 gxh4 33. Re2 Kg7 34. Rd2 Nf5) 31... d3 32. Rf8+ Kg7 33. Rd8) 21. h4 h6 22. hxg5 hxg5 23. Rf3 Kf7 ({RR} 23... Bd7 24. Rg3 Rac8 25. Nxf6+ Qxf6 26. Re1 Rc3 27. Rxg5+ Kf7 28. e5 Rxd3 29. Qf4) 24. Nxf6 Kxf6 ({RR} 24... Qxf6 25. Rh3 Bd7 ({RR} 25... Ke8 26. e5) ({RR} 25... Kg8 26. Rh5) ({RR} 25... Bb7 26. e5 Qxe5 27. Rh7+ Kf6 28. Re1) 26. Rh7+ Ke8 27. e5) 25. Rh3 Rg8 ({RR} 25... Qf4 26. e5+ Kxe5 27. Qe2+ Kd5 28. Rf1) 26. Rh6+ Kf7 27. Rh7+ Ke8 28. Rcc7 Kd8 29. Bb5 Qxe4 ({RR} 29... a6 30. Rce7 Qc5 31. Qxg5) 30. Rxc8+ {1-0 (30) Topalov,V (2805)-Anand,V (2787) Sofia 2010 CBM 136 [L'Ami,Erwin]} {RR} Kxc8 31. Qc1+ Nc6 32. Bxc6 Qe3+ 33. Qxe3 dxe3 34. Bxa8) 17. f4 Rc8 18. Rxc8 Qxc8 $146 ({RR} 18... Bxc8 19. f5 Nc6 20. Nf4 Ne5 21. Nd5 {½-½ (21) Peralta,F (2558)-Alonso,S (2437) La Plata 2008}) ({RR} 18... Bxc8 19. f5 Nb7 20. f6+ Kh8 21. e5 Nc5 22. Nf4 g5 23. Bxh7 Kxh7 24. Nh3 Rh8 25. Qxg5 Ne6 26. Qg4 Qf8 27. Rf5 Nf4 28. Ng5+ Kh6 29. Qxf4 Kg6 30. Ne6 {1-0 (30) Ganguly,S (2644)-So,W (2669) Guangzhou 2010}) 19. f5 Nc6 20. Rf3 Ne5 21. Rh3 Rh8 22. f6+ Kg8 23. Qh6 Qf8 24. Qxf8+ Kxf8 25. Nxd4 Ke8 26. Bb5+ Kd8 27. Rc3 a6 28. Ba4 b5 29. Bb3 Re8 30. Nf3 1/2-1/2

[Event "Biel GM 41st"]
[Site "Biel"]
[Date "2008.07.20"]
[Round "1"]
[White "Carlsen, Magnus"]
[Black "Pelletier, Yannick"]
[Result "1-0"]
[WhiteElo "2775"]
[BlackElo "2569"]
[PlyCount "127"]
[EventDate "2008.07.20"]
[EventType "tourn"]
[EventRounds "10"]
[EventCountry "SUI"]
[EventCategory "18"]
[SourceTitle "CBM 126"]
[Source "ChessBase"]
[SourceDate "2008.10.01"]
[SourceVersion "1"]
[SourceVersionDate "2008.10.01"]
[SourceQuality "1"]

1. d4 Nf6 2. c4 e6 3. Nf3 b6 4. g3 Ba6 5. Qc2 Bb7 6. Bg2 c5 7. d5 exd5 8. cxd5 Nxd5 9. O-O Be7 10. Rd1 Nc6 11. Qf5 Nf6 12. e4 d6 13. e5 Qd7 14. Qxd7+ Nxd7 15. exd6 Bf6 16. Re1+ Kf8 17. Nc3 Nb4 18. Bg5 $146 ({RR} 18. Ne5 Nxe5 19. Bxb7 Rd8 20. Rd1 Nc4 21. d7 Nc2 22. Rb1 Nd4 23. b4 Rxd7 24. Bd5 Nd6 25. bxc5 bxc5 26. Ba3 Ke7 27. Bxc5 Ne6 28. Bb4 a5 29. Bxa5 Rc8 30. Na4 Nc4 31. Rbc1 Be5 32. Bb4+ Kf6 {Giri,A (2764)-Carlsen,M (2859) Wijk aan Zee NED 2023 1-0 (35)}) ({RR} 18. Ne5 Nxe5 19. Bxb7 Rd8 20. Rd1 Nc4 21. d7 Nc2 22. Rb1 Nd4 23. b4 Rxd7 24. Bd5 Nd6 25. bxc5 bxc5 26. Ba3 Ke7 27. Bxc5 Ne6 28. Bb4 a5 29. Bxa5 Rc8 30. Na4 Nc4 31. Rbc1 Be5 32. Bb4+ Kf6 {Giri,A (2764)-Carlsen,M (2859) Wijk aan Zee NED 2023 1-0 (35)}) 18... Nc2 19. Re7 Bxf3 20. Bxf3 Bxg5 21. Rxd7 Rd8 22. Rxd8+ Bxd8 23. Rd1 Nd4 24. Bg2 h5 25. a4 a6 26. Bb7 Rh6 27. d7 Rd6 28. Bc8 Nf3+ 29. Kg2 Rxd1 30. Nxd1 Ne1+ 31. Kf1 Nf3 32. h4 Ke7 33. Ne3 g6 34. Bxa6 Kxd7 35. Ke2 Ne5 36. f4 Ng4 37. Bb5+ Ke7 38. Nd5+ Kd6 39. Bc4 Nh6 40. Ne3 Bf6 41. Bd3 Bd8 42. Kf3 Ng4 43. Nxg4 hxg4+ 44. Kxg4 Ke6 45. Bc4+ Ke7 46. Kf3 f5 47. Ke2 Kf8 48. Kd3 Bf6 49. b3 Bb2 50. Bd5 Ba3 51. Kc4 Bb4 52. Kb5 Ba5 53. Bc4 Ke7 54. Kc6 Kf6 55. Bd3 Kf7 56. h5 gxh5 57. Bxf5 Kf6 58. Be4 Kg7 59. Bf3 Kh6 60. Kb5 Kg6 61. Bd1 Kh6 62. Be2 Kg6 63. Bf3 Kh6 64. Bc6 1-0

[Event "Biel GM 41st"]
[Site "Biel"]
[Date "2008.07.21"]
[Round "2"]
[White "Alekseev, Evgeny V"]
[Black "Carlsen, Magnus"]
[Result "1/2-1/2"]
[WhiteElo "2708"]
[BlackElo "2775"]
[PlyCount "94"]
[EventDate "2008.07.20"]
[EventType "tourn"]
[EventRounds "10"]
[EventCountry "SUI"]
[EventCategory "18"]
[SourceTitle "CBM 126"]
[Source "ChessBase"]
[SourceDate "2008.10.01"]
[SourceVersion "1"]
[SourceVersionDate "2008.10.01"]
[SourceQuality "1"]

1. d4 {Krasenkow,Michal} Nf6 2. c4 e6 3. Nf3 b6 4. g3 Ba6 5. Qa4 Bb7 6. Bg2 c5 7. dxc5 bxc5 8. O-O Be7 9. Nc3 O-O 10. Rd1 Qb6 11. Bf4 Rd8 12. Rd2 d6 ({RR} 12... d5) 13. Rad1 a6 ({RR} 13... Ne8 14. e4 ({RR} 14. Nb5 Na6 15. Qc2 ({RR} 15. a3 h6 16. Ne1 Bxg2 17. Kxg2 Nac7 18. Nxc7 Qxc7 19. Qa6) 15... h6 16. h3 ({RR} 16. Nc3) 16... d5 17. g4 Nb4 18. Qb1 dxc4 19. Rxd8 Rxd8 20. Rxd8 Bxd8 21. Na3 Bf6 22. Nxc4 Qa6 23. Nfd2 Bxg2 24. Kxg2 Qxa2 ({RR} 24... Nxa2 25. Qe4 Qc8) 25. Qxa2 Nxa2 26. Nb3 Be7 27. Bb8 a6 28. Ba7) ({RR} 14. Bg5 Bxg5 ({RR} 14... Nc6) 15. Nxg5 Bxg2 16. Kxg2) ({RR} 14. Ng5 Bxg2 15. Kxg2 h6 16. Nge4 f5) 14... Bc6 15. Qc2 Nd7 ({RR} 15... Qb7) 16. e5 dxe5 17. Nxe5 Nxe5 18. Bxe5 Bxg2 19. Kxg2 Nf6 20. Ne4 Rxd2 ({RR} 20... Qc6 21. f3 Nxe4 22. Qxe4 Qxe4 23. fxe4 Kf8 24. Kf3 f6 25. Bc7 Rxd2 26. Rxd2 Ke8 27. g4 a5 28. Rd3 ({RR} 28. e5) 28... e5 29. Ke3 Ra6 30. Kd2 a4 31. Kc2 Kf7 32. a3 Ke6 33. h3 Ra7 34. Bb6 Ra6 35. Bc7) 21. Rxd2 Rd8 22. Bxf6 gxf6 23. g4 h5 24. h3 ({RR} 24. gxh5 f5 25. Ng3 Bf6) 24... hxg4 25. hxg4 Rxd2 26. Qxd2 Qc6 27. f3 f5 28. gxf5 {Mamedyarov,S (2752)-Kramnik,V (2788) Dortmund 2008 CBM 125 [Krasenkow,Michal] ½-½ (40)}) ({RR} 13... h6) 14. Qc2 ({RR} 14. Ng5) ({RR} 14. h3 h6 15. g4 Ne8 16. Qc2 Nd7 17. b3 Ndf6 18. Bg3 Bc6 19. e4 Qb7 20. Re1 Bf8 21. Qd3 g6 22. Qe3 Bg7 23. e5 dxe5 24. Rxd8 Rxd8 25. Bxe5 Bf8 26. Nh4 Nd7 27. Bxc6 Qxc6 28. Bg3 Ndf6 {Khismatullin,D (2540)-Esipenko,A (2677) Sochi RUS 2024 0-1 (44)}) 14... Qc7 15. e4 $146 ({RR} 15. Ng5 Bxg2 16. Kxg2 h6 17. Nge4 Ne8 18. g4 Ra7 19. f3 Rb7 20. h4 Qc6 21. Qa4 Qb6 22. a3 Rbd7 23. b4 cxb4 24. axb4 Qb7 25. h5 Qc8 26. Qa2 Nc6 27. b5 axb5 28. Nxb5 Nb4 29. Qb3 d5 {Arat,U (2361)-Sanal,V (2487) Nakhchivan 2015 ½-½ (69)}) 15... Nh5 16. Be3 Nc6 17. h3 h6 18. Nh2 Rac8 19. Nf1 Nf6 20. f4 d5 21. cxd5 Nd4 22. Qb1 exd5 23. e5 Ne4 24. Nxe4 dxe4 25. Kf2 Nf3 26. Rxd8+ Rxd8 27. Rxd8+ Qxd8 28. Qc1 g5 29. Bxf3 exf3 30. fxg5 hxg5 31. Qd2 Qb6 32. Nh2 Qg6 33. Ng4 c4 34. Nf6+ Kg7 35. g4 Qd3 36. Ne8+ Kg6 37. Nd6 Ba8 38. b3 Qxd2+ 39. Bxd2 cxb3 40. axb3 f6 41. Bc3 fxe5 42. Bxe5 a5 43. Nf5 Bd8 44. Bc3 Bb7 45. Nd4 Bf6 46. Ke3 Be5 47. Be1 Bxd4+ 1/2-1/2

[Event "Biel GM 41st"]
[Site "Biel"]
[Date "2008.07.22"]
[Round "3"]
[White "Carlsen, Magnus"]
[Black "Bacrot, Etienne"]
[Result "1-0"]
[WhiteElo "2775"]
[BlackElo "2691"]
[PlyCount "61"]
[EventDate "2008.07.20"]
[EventType "tourn"]
[EventRounds "10"]
[EventCountry "SUI"]
[EventCategory "18"]
[SourceTitle "CBM 126"]
[Source "ChessBase"]
[SourceDate "2008.10.01"]
[SourceVersion "1"]
[SourceVersionDate "2008.10.01"]
[SourceQuality "1"]

1. d4 d5 2. c4 c6 3. Nf3 Nf6 4. Nc3 e6 5. Bg5 Nbd7 6. cxd5 exd5 7. e3 Be7 8. Qc2 Nh5 9. Bxe7 Qxe7 10. O-O-O Nb6 11. h3 Be6 12. Bd3 O-O-O 13. Kb1 Kb8 14. Nd2 ({RR} 14. Ka1 g6 15. g4 Nf6 16. Ne5 h5 17. f3 Nfd7 18. Qh2 Ka8 19. Nxd7 Bxd7 20. Qf2 Rde8 21. Rhe1 hxg4 22. hxg4 Qh4 23. Rd2 Qxf2 24. Rxf2 Rh3 25. Kb1 Kb8 26. Kc2 Nc8 27. Kd2 Nd6 28. Ne2 g5 {Ashraf,A (2399)-Sarana,A (2695) chess.com INT 2024 0-1 (75)}) 14... g6 15. Nb3 Ng7 16. f3 $146 ({RR} 16. Nc5 Bf5 17. Ka1 Bxd3 18. Nxd3 Nf5 19. Rc1 Nd6 20. Qb3 Rhe8 21. Rc2 Qg5 22. g3 Qf5 23. Nc5 Ka8 24. h4 h6 25. Rhc1 g5 26. hxg5 hxg5 27. Qb4 Rh8 28. a4 Rh1 29. Rxh1 Qxc2 30. a5 Nbc4 {Vidit,S (2554)-Hracek,Z (2625) Golden Sands 2013 ½-½ (38)}) 16... Bf5 17. Bxf5 Nxf5 18. Rhe1 Nc4 19. Qc1 Qg5 20. g4 Ng7 21. f4 Qh4 22. e4 Qxh3 23. exd5 cxd5 24. Nc5 Ne6 25. b3 Nxc5 26. dxc5 Na5 27. b4 Nc4 28. Nxd5 Na3+ 29. Ka1 Rhe8 30. c6 bxc6 31. Qxc6 1-0